000 00517nam a2200181Ia 4500
003 OSt
005 20240412100954.0
008 210210b1961 xxu||||| |||| 00| 0 eng d
040 _cAL
041 _aKannada
082 _a856/174
100 _aMALLEDEVARU (H P) ಮಲ್ಲೇದೇವರು ಎಚ್ ಪಿ
_9159881
245 _aNagananda ನಾಗಾನಂದ
260 _aDharavada
_bKarnataka Vishvavidyanilalya
_c1961
690 _aKannada Miscellaneous
_9159882
906 _a020414
942 _2ddc
_cBK
999 _c144563
_d144563